| 000 | 00375nam a2200145Ia 4500 | ||
|---|---|---|---|
| 005 | 20250316163048.0 | ||
| 008 | 240331s9999 xx 000 0 und d | ||
| 082 |
_bKAM _a894 |
||
| 100 | _aKamaal, T | ||
| 245 | 0 | _aOliy paravugirathu | |
| 260 |
_aColombo _bVasantham ( Private) Limited _c1995 |
||
| 300 | _a184 p ., | ||
| 500 | _aA book Based Palina Muslim Makkal | ||
| 942 | _cL | ||
| 999 |
_c4013 _d4013 |
||